000 00458nam a2200181Ia 4500
008 240925s9999 xx 000 0 und d
020 _a9789339212056
082 _a332.6 BOD
100 _aBodie, Zvi; Kane, Alex
245 0 _aInvestment
250 _a10th
260 _aNew York:
_bMcGraw-Hill
_c,2015.
300 _aVarious pages
_bNA
_fOriginal
500 _aIncludes Index
600 _aSocial Sciences
650 _aSocial Sciences
942 _cBK
999 _c15609
_d15609